000 00764nam a2200229Ia 4500
001 8804
003 GE_BSU
008 181216s||||||||xx |||||||||||||| ||und||
040 _cGE_BSU
080 _a821.353.1-31
100 _aკალანდაძე,ალექსანდრე
245 _aრასობრივ სამსჯავროში
245 _bდოკ.რომანი
245 _cრედ:ლ.გოგოხია;მხატვ:გ წერეთელი
260 _aთბილისი.
260 _bნაკადული.
260 _c1973
300 _a271გვ;20სმ
653 _aდოკ.რომანი
653 _aრასობრივ სამსჯავროში
942 _cBK
999 _c42113
_d42113